'Friends' Characters by Image Quiz Stats

 Plays Quiz Updated Oct 19, 2018

Challenge
Share
Tweet
Score 0/36 Timer 08:00
7 Plays Today
% Correct
Joey Tribbiani
99.1%
Monica Geller
97.1%
Chandler Bing
97%
Ross Geller
96.8%
Rachel Green
96.2%
Phoebe Buffay
94.7%
Ben Geller
90.8%
Emily Waltham
86.9%
Gunther
86.8%
Janice Litman Goralnik
85.9%
Marcel
84.5%
Jack Geller
82.3%
Richard Burke
81.7%
Mike Hannigan
80.8%
Ugly Naked Guy
80.5%
Carol Willick
78.9%
Susan Bunch
77.5%
Estelle Leonard
76.8%
% Correct
Judy Geller
72.7%
Frank Buffay, Jr
71.9%
Tag Jones
70.5%
Charlie Wheeler
68.1%
Mr. Heckles
65.4%
Julie
62.8%
David the Science Guy
62.2%
Pete Becker
61.7%
Barry Farber
59.6%
Eddie Menuek
58.9%
Paolo
55.6%
Mona
54.9%
Nora Tyler Bing
52.9%
Leonard Green
52.3%
Joshua Burgin
49.7%
Charles Bing
46.6%
Alice Knight Buffay
44.2%
Janine Lacroix
35.2%

You're not logged in!

Compare scores with friends on all Sporcle quizzes.
OR
Log In

You Might Also Like...

Show Comments

Extras

Top Quizzes Today


Score Distribution

Your Account Isn't Verified!

In order to create a playlist on Sporcle, you need to verify the email address you used during registration. Go to your Sporcle Settings to finish the process.

Report this User

Report this user for behavior that violates our Community Guidelines.

Details: